Effect of cutting parameters and workpiece material on tool life / (رقم التسجيلة. 7342)
[ عرض عادي ]
| 000 -LEADER | |
|---|---|
| fixed length control field | 016620000a22003490004500 |
| 003 - CONTROL NUMBER IDENTIFIER | |
| control field | EG-GICUC |
| 005 - DATE AND TIME OF LATEST TRANSACTION | |
| control field | 20250223025157.0 |
| 008 - FIXED-LENGTH DATA ELEMENTS--GENERAL INFORMATION | |
| fixed length control field | 080326s2008 ua d f m 000 0 eng d |
| 040 ## - CATALOGING SOURCE | |
| Original cataloging agency | EG-GICUC |
| Language of cataloging | eng |
| Transcribing agency | EG-GICUC |
| 041 0# - LANGUAGE CODE | |
| Language code of text/sound track or separate title | Eng |
| 049 ## - LOCAL HOLDINGS (OCLC) | |
| Holding library | Deposite |
| 097 ## - Thesis Degree | |
| Thesis Level | M.Sc |
| 099 ## - LOCAL FREE-TEXT CALL NUMBER (OCLC) | |
| Classification number | Cai01.13.13.M.Sc.2008.Mo.E |
| 100 0# - MAIN ENTRY--PERSONAL NAME | |
| Personal name | Mohamed Fawzy Nasr Ibrahim |
| 245 10 - TITLE STATEMENT | |
| Title | Effect of cutting parameters and workpiece material on tool life / |
| Statement of responsibility, etc. | Mohamed Fawzy Nasr Ibrahim ; Supervised Mohamed Samir Mostafa Riad , Ahmed Aly Elzoghby , Tarek Mahmoud Elhossainy |
| 246 15 - VARYING FORM OF TITLE | |
| Title proper/short title | تاثير عوامل القطع وخامة المعدن المقطوع على عمر الحد القاطع |
| 260 ## - PUBLICATION, DISTRIBUTION, ETC. | |
| Place of publication, distribution, etc. | Cairo : |
| Name of publisher, distributor, etc. | Mohamed Fawzy Nasr Ibrahim , |
| Date of publication, distribution, etc. | 2008 |
| 300 ## - PHYSICAL DESCRIPTION | |
| Extent | 79P. : |
| Other physical details | charts ; |
| Dimensions | 30cm |
| 502 ## - DISSERTATION NOTE | |
| Dissertation note | Thesis (M.Sc.) - Cairo University - Faculty Of Engineering - Department Of Mechanical Design and Production |
| 520 ## - SUMMARY, ETC. | |
| Summary, etc. | High speed (HSS) tool life is measured by the wear occurred in the tool the flank wear istaken as measure for tool life in the present work this research investigates the effect of cutting condition (speed , feed , depthof cut) normal rake angle angle and workpiecematerial hardness on tool life cutting forces and surface roughness |
| 530 ## - ADDITIONAL PHYSICAL FORM AVAILABLE NOTE | |
| Additional physical form available note | Issued also as CD |
| 653 #4 - INDEX TERM--UNCONTROLLED | |
| Uncontrolled term | Cutting parameters |
| 653 #4 - INDEX TERM--UNCONTROLLED | |
| Uncontrolled term | Tool life |
| 653 #4 - INDEX TERM--UNCONTROLLED | |
| Uncontrolled term | Wear |
| 700 0# - ADDED ENTRY--PERSONAL NAME | |
| Personal name | Ahmed Aly Elzoghby , |
| Relator term | |
| 700 0# - ADDED ENTRY--PERSONAL NAME | |
| Personal name | Mohamed Samir Mostafa Riad , |
| Relator term | |
| 700 0# - ADDED ENTRY--PERSONAL NAME | |
| Personal name | Tarek Mahmoud Elhossai , |
| Relator term | |
| 856 ## - ELECTRONIC LOCATION AND ACCESS | |
| Uniform Resource Identifier | <a href="http://172.23.153.220/th.pdf">http://172.23.153.220/th.pdf</a> |
| 905 ## - LOCAL DATA ELEMENT E, LDE (RLIN) | |
| Cataloger | Mustafa |
| Reviser | Revisor |
| 905 ## - LOCAL DATA ELEMENT E, LDE (RLIN) | |
| Cataloger | Soheir |
| Reviser | Cataloger |
| 942 ## - ADDED ENTRY ELEMENTS (KOHA) | |
| Source of classification or shelving scheme | Dewey Decimal Classification |
| Koha item type | Thesis |
| Source of classification or shelving scheme | Not for loan | Home library | Current library | Date acquired | Full call number | Barcode | Date last seen | Koha item type | Copy number |
|---|---|---|---|---|---|---|---|---|---|
| Dewey Decimal Classification | المكتبة المركزبة الجديدة - جامعة القاهرة | قاعة الرسائل الجامعية - الدور الاول | 11.02.2024 | Cai01.13.13.M.Sc.2008.Mo.E | 01010110048519000 | 22.09.2023 | Thesis | ||
| Dewey Decimal Classification | المكتبة المركزبة الجديدة - جامعة القاهرة | مخـــزن الرســائل الجـــامعية - البدروم | 11.02.2024 | Cai01.13.13.M.Sc.2008.Mo.E | 01020110048519000 | 22.09.2023 | CD - Rom | 48519.CD |